Music Quiz

Random Music Quiz

When, Where or Why (80s) Quiz Stats

 Plays Quiz not verified by Sporcle

Challenge
Share
Tweet
Embed
Score 0/28 Timer 06:00
0 Plays Today
Track Recorded by % Correct
WHEN doves cryPrince
94.4%
WHEN the going gets tough the tough get goingBilly Ocean
88.9%
WHEN Smokey singsABC
88.9%
WHERE the streets have no nameU2
88.9%
WHEN will I be famousBros
83.3%
WHERE do broken hearts goWhitney Houston
83.3%
I guess that's WHY they call it the bluesElton John
83.3%
WHY can't this be loveVan Halen
83.3%
WHEN love comes to townU2 and B B King
77.8%
Up WHERE we belongJoe Cocker & Jennifer Warnes
77.8%
WHY do fools fall in loveDiana Ross
77.8%
WHEN I think of youJanet Jackson
72.2%
Only WHEN you leaveSpandau Ballet
66.7%
WHEN he shinesSheena Easton
61.1%
Track Recorded by % Correct
WHEN I fall in love/My arms keep missing youRick Astley
61.1%
Donald WHERE's your troosersAndy Stewart
61.1%
WHEN you're young and in loveFlying Pickets
55.6%
(WHEN you say you love somebody) In the heartKool and the Gang
55.6%
WHERE is the loveMica Paris & Will Downing
55.6%
Right back WHERE we started fromSinitta
55.6%
WHYBronski Beat
55.6%
WHEN you come back to meJason Donovan
50%
WHERE has all the love goneYazz
50%
WHYCarly Simon
44.4%
WHEN you ask about loveMatchbox
38.9%
WHEN she was my girlFour Tops
38.9%
WHEN you were sweet 16Fureys & Davey Arthur
33.3%
WHEN we were youngBucks Fizz
16.7%

You're not logged in!

Compare scores with friends on all Sporcle quizzes.
Join for Free
OR
Log In

You Might Also Like...

Show Comments

Extras

Created Jan 22, 2017ReportNominate
Tags:1980s, british, UK Singles

Top Quizzes Today


Score Distribution

Your Account Isn't Verified!

In order to create a playlist on Sporcle, you need to verify the email address you used during registration. Go to your Sporcle Settings to finish the process.

Report this User

Report this user for behavior that violates our Community Guidelines.

Details: